| 000 | 00433nam a2200157 a 4500 | ||
|---|---|---|---|
| 005 | 20140412111313.0 | ||
| 008 | 030415s19uu xx 00 eng d | ||
| 020 | _a0-696-01893-4 | ||
| 050 |
_aM 700 _bMa11 1989 |
||
| 245 |
_aMake believe : _bbetter homes and gardens. |
||
| 260 |
_aIowa : _bMeredith Corporation, _c1989. |
||
| 300 | _a32 p. ; ill. | ||
| 440 | _aFun Projects for Kids to Do | ||
| 650 | _aProjects | ||
| 999 |
_c104123 _d104123 |
||